|
|
|
|
| LEADER |
01243nam a22002657a 4500 |
| 001 |
34920 |
| 003 |
BD-DhAAL |
| 005 |
20190801124409.0 |
| 008 |
190725t2018 bg |||| |||| 00| p ben d |
| 999 |
|
|
|c 40991
|d 40991
|
| 020 |
|
|
|a 9847022500222
|
| 082 |
|
|
|a 891.441
|2 23
|
| 100 |
|
|
|a মাহমুদ, আল
|9 33122
|
| 245 |
|
|
|a শ্রেষ্ঠ কবিতা /
|c আল মাহমুদ
|
| 246 |
|
|
|a Shrestha Kavita
|
| 250 |
|
|
|a চতুর্থ সংস্করণ
|
| 260 |
|
|
|a ঢাকা :
|b হাওলাদার প্রকাশনী,
|c ২০১৮
|
| 300 |
|
|
|a ৩৬৫ পৃষ্ঠা ;
|c ২২ সে.মি.
|
| 526 |
|
|
|a Residential Campus
|
| 541 |
|
|
|a Development Book Agency
|e 34920, 35021
|
| 650 |
|
|
|a Bengali poetry
|9 33112
|
| 852 |
|
|
|a Savar Campus Library
|c General Stacks
|
| 942 |
|
|
|2 ddc
|c BK
|
| 952 |
|
|
|0 0
|1 0
|2 ddc
|4 0
|6 891_441000000000000_MAH
|7 0
|9 65767
|a SCL
|b SCL
|c GEN
|d 2019-07-17
|e Development Book Agency
|g 382.00
|l 2
|m 10
|o 891.441 MAH
|p 3020034920
|r 2024-03-05
|s 2024-02-28
|t 1
|v 382.00
|w 2019-07-17
|y BK
|
| 952 |
|
|
|0 0
|1 0
|2 ddc
|4 0
|6 891_441000000000000_MAH
|7 0
|9 65872
|a BRACUL
|b BRACUL
|c GEN
|d 2019-07-24
|e Development Book Agency
|g 382.00
|l 1
|o 891.441 MAH
|p 3010035021
|r 2026-01-13
|s 2026-01-06
|t 2
|v 382.00
|w 2019-07-24
|y BK
|